000 00271nam a22001217a 4500
008 180313b xxu||||| |||| 00| 0 eng d
041 _aeng
080 _a94
100 _a16
101 _ahis
245 _athe people england of history
_cashley/.m
942 _2udc
_cBK
999 _c44850
_d44850